|
|
|
|
| LEADER |
00000nab a2200000 a 4500 |
| 001 |
vtls010738795 |
| 003 |
SK-MaSNL |
| 005 |
20260304190128.0 |
| 008 |
250709s2013 xo |||||||||||||||||slo| |
| 035 |
|
|
|a (urnnbn)urn:nbn:sk:snk:ar-a05nac
|
| 035 |
|
|
|a (uuid)92258096-26bd-46b8-bb67-65bf79d7d0b7
|
| 035 |
|
|
|a urn:nbn:sk:snk-ab3znm
|
| 040 |
|
|
|a SNKBUCL
|b slo
|c SNKBUCL
|e AACR2
|
| 041 |
0 |
|
|a slo
|
| 044 |
|
|
|a xo
|c SK
|
| 100 |
1 |
|
|a Patarák, Michal,
|d 1981-
|4 aut
|9 161553
|
| 245 |
1 |
0 |
|a Smerom k jasnejšej neurobiológii patologického hráčstva
|c Michal Patarák
|
| 773 |
0 |
|
|t Psychiatria pre prax
|g Roč. 14, č. 1 (2013), s. 8-11
|
| 850 |
|
|
|a Slovenská národná knižnica
|
| 852 |
|
|
|a Slovenská národná knižnica
|
| 954 |
|
|
|a odborná, vedecká literatúra pôvodná (slovenská)
|2 lita
|
| 958 |
|
|
|a article1
|
| 958 |
|
|
|a OND
|
| 958 |
|
|
|a EUIPO
|
| 999 |
|
|
|c 3048621
|d 3050551
|